Экономическая политика государства: концепции, методология, направления совершенствования (Запись № 11209475)

Подробности
000 -МАРКЕР
контрольное поле 02338nam0a2200421 i 4500
001 - ИДЕНТИФИКАТОР ЗАПИСИ
контрольное поле RU\NLR\BIBL_A\011344303
005 - ИДЕНТИФИКАТОР ВЕРСИИ
контрольное поле 20260408080327.0
010 ## - МЕЖДУНАРОДНЫЙ СТАНДАРТНЫЙ НОМЕР КНИГИ (ISBN)
Номер (ISBN) 9785905664472
Тираж 300
021 ## - НОМЕР ГОСУДАРСТВЕННОЙ РЕГИСТРАЦИИ
Код страны Российская Федерация
Номер 2017-8654
Номер Листа государственной регистраци 633
035 ## - ДРУГИЕ СИСТЕМНЫЕ НОМЕРА
Идентификатор записи (NILC)LIBNET\0000661446
035 ## - ДРУГИЕ СИСТЕМНЫЕ НОМЕРА
Идентификатор записи ROSTOV\BIBL\z0001023831
035 ## - ДРУГИЕ СИСТЕМНЫЕ НОМЕРА
Идентификатор записи (NLR Aleph) 011344303
100 ## - ДАННЫЕ ОБЩЕЙ ОБРАБОТКИ
Данные общей обработки 20170313d2015 y0rusy50 ca
101 0# - ЯЗЫК РЕСУРСА
Язык текста, звукозаписи и т.д. русский
102 ## - СТРАНА ПУБЛИКАЦИИ ИЛИ ПРОИЗВОДСТВА
Страна публикации Российская Федерация
105 ## - ПОЛЕ КОДИРОВАННЫХ ДАННЫХ: ТЕКСТОВЫЕ МАТЕРИАЛЫ, МОНОГРАФИЧЕСКИЕ
Кодированные данные о монографическом текстовом документе a|||z|||000zy
200 1# - ЗАГЛАВИЕ И СВЕДЕНИЯ ОБ ОТВЕТСТВЕННОСТИ
Основное заглавие Экономическая политика государства: концепции, методология, направления совершенствования
Сведения, относящиеся к заглавию монография
Первые сведения об ответственности [Галич Ж.В., к.и.н., доцент, Фролова И.В., к.э.н., доцент, Казачанская Е.А., к.ю.н., доцент и др.
Последующие сведения об ответственности научный редактор: д.э.н., профессор, Заслуженный деятель науки РФ Мамедов О.Ю.]
-- Южный федеральный университет
210 ## - ПУБЛИКАЦИЯ, РАСПРОСТРАНЕНИЕ И ДР.
Место издания, распространения и т.д. Ростов-на-Дону
Имя издателя, распространителя и т. д. Беспамятнов С.В.
Дата издания, распространения и т.д. 2015
215 ## - ФИЗИЧЕСКАЯ ХАРАКТЕРИСТИКА
Специфическое обозначение материала и объем 106 с.
Другие сведения о физической характеристике ил.
Размеры 20
300 ## - ОБЩИЕ ПРИМЕЧАНИЯ
Текст примечания Авт. указаны на обороте тит. л.
320 ## - ПРИМЕЧАНИЯ О НАЛИЧИИ В ДОКУМЕНТЕ БИБЛИОГРАФИИ / УКАЗАТЕЛЯ
Текст примечания Библиогр.: с. 104-106 (66 назв.) и в подстроч. примеч.
606 ## - НАИМЕНОВАНИЕ ТЕМЫ КАК ПРЕДМЕТ
Наименование темы Экономическая политика
Системный номер авторитетной/нормативной записи 1169935
Идентификатор авторитетной/нормативной записи RU\NLR\AUTH\66151608
610 0# - НЕКОНТРОЛИРУЕМЫЕ ПРЕДМЕТНЫЕ ТЕРМИНЫ
Предметный термин Экономическая политика
686 ## - ИНДЕКСЫ ДРУГИХ КЛАССИФИКАЦИЙ
Индекс 65.050.11
Издание LBC/M
Код системы
686 1# - ИНДЕКСЫ ДРУГИХ КЛАССИФИКАЦИЙ
Индекс У9(2)-18(2Р)
701 #1 - ИМЯ ЛИЦА - АЛЬТЕРНАТИВНАЯ ОТВЕТСТВЕННОСТЬ
Начальный элемент ввода Галич
Часть имени, кроме начального элемента ввода Ж. В.
Расширение инициалов личного имени Жанна Валерьевна
701 #1 - ИМЯ ЛИЦА - АЛЬТЕРНАТИВНАЯ ОТВЕТСТВЕННОСТЬ
Графика поля Кириллица
Материалы, к которым относится поле rus
Начальный элемент ввода Фролова
Часть имени, кроме начального элемента ввода И. В.
Дополнения к именам, кроме дат д-р экон. наук
Расширение инициалов личного имени Ирина Вениаминовна
Системный номер авторитетной/нормативной записи 163625
Идентификатор авторитетной/нормативной записи RU\NLR\AUTH\770163669
701 #1 - ИМЯ ЛИЦА - АЛЬТЕРНАТИВНАЯ ОТВЕТСТВЕННОСТЬ
Начальный элемент ввода Казачанская
Часть имени, кроме начального элемента ввода Е. А.
Расширение инициалов личного имени Елена Александровна
702 #1 - ИМЯ ЛИЦА - ВТОРИЧНАЯ ОТВЕТСТВЕННОСТЬ
Код отношения Редактор
Графика поля Кириллица
Материалы, к которым относится поле rus
Начальный элемент ввода Мамедов
Часть имени, кроме начального элемента ввода О. Ю.
Даты 1946-
Расширение инициалов личного имени Октай Юсуфович
Системный номер авторитетной/нормативной записи 139865
Идентификатор авторитетной/нормативной записи RU\NLR\AUTH\770139900
712 02 - НАИМЕНОВАНИЕ ОРГАНИЗАЦИИ - ВТОРИЧНАЯ ОТВЕТСТВЕННОСТЬ
Код отношения Прочие
Начальный элемент ввода Южный федеральный университет
Идентифицирующий признак Ростов-на-Дону
Идентификатор авторитетной/нормативной записи RU\NLR\AUTH\8810090930
Системный номер авторитетной/нормативной записи 683115
801 #0 - ИСТОЧНИК ЗАПИСИ
Страна Российская Федерация
Организация Донская ГПБ
Дата составления 20160329
Правила каталогизации rcr
801 #1 - ИСТОЧНИК ЗАПИСИ
Страна Российская Федерация
Организация Донская ГПБ
Дата составления 20160329
Источник данных rusmarc
942 ## - ДОПОЛНИТЕЛЬНЫЕ ЭЛЕМЕНТЫ ЗАПИСИ (АБИС)
Тип экземпляра АБИС Книга
980 ## - КОЛЛЕКЦИЯ
Название коллекции НБР

Нет доступных экземпляров.